| 000 | 00739nam a2200229 a 4500 | ||
|---|---|---|---|
| 001 | 000026145 | ||
| 005 | 20200930024336.0 | ||
| 008 | 101013s1943 sp 000 | spa d | ||
| 040 |
_aDO-SdBNP _bspa _cBNPHU |
||
| 041 |
_aspa _hger _2Código de idioma MARC |
||
| 082 |
_a833.8 _bF679s |
||
| 100 | 1 |
_aFontane, Theodor , _953127 |
|
| 240 | 0 |
_aEffi Briest ; _lEspañol |
|
| 245 | 1 | 3 |
_aEl secreto de Effi Briest / _cTheodor Fontane; traducción del alemán por F. de Ocampo. |
| 260 |
_aBarcelona : _bPlaneta, _c1943. |
||
| 300 |
_a406 p. ; _c18 cm. |
||
| 534 |
_aTítulo de obra en íngles : _tEffi Briest. |
||
| 650 | 4 |
_aNovela alemana _93302 |
|
| 650 | 4 |
_aLiteratura alemana _93274 |
|
| 700 | 1 |
_aOcampo, F. de, _etr. _953128 |
|
| 049 | _aBNGR | ||
| 999 |
_c25637 _d25637 |
||